000 00670nam a2200253Ia 4500
003 OSt
005 20220918164854.0
006 a|||||r|||| 00| 0
007 ta
008 220917b |||||||| |||| 00| 0 eng d
020 _a0803989180 (hbk)
024 _a187,191
037 _cTextual
040 _aARTS
_cARTS
_beng
041 _2eng
_aeng
082 _aS8:f, L9;P0 (SC)
100 _aAldrich E Howard
_921397
245 0 _aOrganizations evolving
260 _aLondon
_bSage Publications
_c2000
300 _axv,413 p
_ccm.
650 _aPSYCHOLOGY
942 _hS8:f, L9;P0 (SC)
_cTEXL
_2CC
999 _c127136
_d127136